000 00668nam a22001937a 4500
999 _c191371
_d191371
005 20220825113004.0
010 _aENG-134671
020 _c250.00
_a8172653932
035 _aEN-118203
037 _bDBAD/PUB
082 _a618.7
100 _aPachore,VikasS.
245 _aPcos Nest:
_bFor awareness and education of Polycystic ovary syndrome
_cVikas S.Pachore , Vishakha V.Pachore
260 _aPune
_bSnehavardhan Publishing House
_c2019
270 _aSnehavardhan ,863 Sadashiv Peth ,Behind Mahatma Phule Sabhagurh
_bPune
_e411030
_k9423643131
300 _a200p.
_c22cm(pbk)
700 _aVishakha V.Pachore
942 _2ddc
_cEN
_h618.7
_mPAC